00413nam a2200157Ia 4500008004100000020001800041082001700059100001700076245005500093250000800148260002500156300001100181500002600192650001600218700002100234230524s9999 xx 000 0 und d a9780070530775 a621.395bKAN aSung Mo Kang 0aCMOS Digital Integrated Circuits Analysis & Design a3RD aNEW DELHIbTMHc2003 aIX;586 aQuantity Number: 134 aElectronics a Yusuf Leblebici